Os músicos de Bremen (Record no. 17271)

MARC details
000 -LÍDER
campo de controle de tamanho fixo 00380 a2200169 4500
001 - NÚMERO DE CONTROLE
campo de controle 17271
020 ## - ISBN - INTERNATIONAL STANDARD BOOK NUMBER
ISBN - International Standard Book Number 9788508159338
040 ## - FONTE DA CATALOGAÇÃO
Instituição que transcreveu o registro Anchieta - Bela Vista
100 ## - ENTRADA PRINCIPAL--NOME PESSOAL
Nome pessoal Penteado, Maria Heloísa
240 10 - TÍTULO UNIFORME
Título uniforme Os músicos de Bremen
Idioma da obra por
245 10 - TÍTULO
Título Os músicos de Bremen
300 ## - DESCRIÇÃO FÍSICA
Extensão 16
362 0# - DATAS DE PUBLICAÇÃO E/OU DESIGNAÇÃO SEQUENCIAL
Datas de publicação e/ou designação sequencial 2017
440 #1 - DECLARAÇÃO DE SÉRIE/ENTRADA ADICIONADA--TÍTULO
Título Ática
650 #4 - ASSUNTO--TERMO TÓPICO
Cabeçalho tópico ou nome geográfico Literatura juvenil
942 ## - ELEMENTOS DE ENTRADA ADICIONADOS (KOHA)
Tipo de material Koha Livros
Holdings
Situação do descarte Situação das perdas Situação física Não pode ser emprestado Biblioteca de origem Biblioteca atual Data de aquisição Total de empréstimos Número de chamada completo Código de barras Data de último acesso Data do preço efetivo Tipo de material Koha
        Colégio Anchieta - Bela Vista Colégio Anchieta - Bela Vista 21/11/2023   LJ 028.5 P419m PEN MUS 2948/BEL 21/11/2023 21/11/2023 Livros
        Colégio São Paulo Colégio São Paulo 21/11/2023   028.5 MÚS 572/ITA 21/11/2023 21/11/2023 Livros